| 000 | 01334cab a22002295a 4500 | ||
|---|---|---|---|
| 001 | L151955 | ||
| 008 | 110117e20101220xxk 000 0 eng d | ||
| 035 | _a(Sirsi) u151955 | ||
| 041 | 0 | _aeng | |
| 110 | 2 |
_aEuroProperty _91216 |
|
| 245 | 0 | 0 |
_aSurvey _bsustainable development |
| 260 | _c2010 | ||
| 490 | 0 |
_aEuroProperty _v20 December 2010, 17-21(5) |
|
| 520 | _aWhat part can the property sector play in the implementation of the Energy Performance of Buildings Directive (Directive 2010/31/U) adopted by the EU in May 2010? Economic slowdown has resulted in 'sensible' pursuit of green building ideals. Both individual European countries and pan-European bodies have devised environmental performance indicators that allow occupiers and investors to make sustainable choices. European development activity has risen slightly recently but completions are few as lenders remain cautious in providing finance for speculative schemes. Smart meters seen as valuable means of keeping up with latest energy efficiency demands. | ||
| 590 | _aKA | ||
| 650 | 2 | 4 | _aDIRECTIVE 2010/31/EU |
| 651 | 4 | _aEurope | |
| 690 | _aBUILT ENVIRONMENT-SUSTAINABLE CONSTRUCTION | ||
| 690 | _aPROPERTY-COMMERCIAL PROPERTY-COMMERCIAL PROPERTY MARKET | ||
| 690 | _aPROPERTY-COMMERCIAL PROPERTY-COMMERCIAL PROPERTY FINANCE AND INVESTMENT | ||
| 942 | _n0 | ||
| 999 |
_c82870 _d82870 |
||